Criticism and Ideology; Second African Writer's Conference Stockholm. (Record no. 2693)

MARC details
000 -LEADER
fixed length control field 00367nam a22001337a 4500
008 - FIXED-LENGTH DATA ELEMENTS--GENERAL INFORMATION
fixed length control field 250325b |||||||| |||| 00| 0 eng d
020 ## - INTERNATIONAL STANDARD BOOK NUMBER
ISBN 9171062769
100 ## - MAIN ENTRY--AUTHOR
Author PETERSON Holst Kirsten
245 ## - TITLE STATEMENT
Title Criticism and Ideology; Second African Writer's Conference Stockholm.
260 ## - PUBLICATION, DISTRIBUTION, ETC. (IMPRINT)
Place of publication Nil
Name of publisher Scandinavian
Date of publication 1988
300 ## - COLLATION
Pagination 223p.
942 ## - ADDED ENTRY ELEMENTS (KOHA)
Item type Books
050 ## - LIBRARY OF CONGRESS CALL NUMBER
Classification number PN133
Item number .C75
Holdings
Source of classification or shelving scheme Not for loan Permanent location Current location Date acquired Accession No. Full call number Barcode. Koha item type
Library of Congress Classification   Samuel Ogbemudia Main Library, University of Abuja Samuel Ogbemudia Main Library, University of Abuja 03/25/2025 93/011159 PN133.C75 2025-0989 Books